000 00671cam a22002052 4500
001 0000003656
005 20151217155824.0
008 070511s xx 000 0 eng d
020 _a2869780788 :
_cGBP 13.95
040 _aKABU
_cKABU
050 0 _aLC212.863
_b.A35W66
245 1 0 _aWomen in academia :
_bgender and academic freedom in Africa /
_cedited by Ebrima Sall.
260 _aDakar :
_bCODESRIA,
_c2000.
300 _axix, 154 p.
650 0 _aWomen in higher education
_zAfrica
_xCross cultural studies.
_@0000153714
700 1 _aSall, Ebrima.
_@0000153715
908 _a070511
950 _@1
999 _c12895
_d12895